| 000 | 00388nam a2200169Ia 4500 | ||
|---|---|---|---|
| 008 | 230524s9999 xx 000 0 und d | ||
| 082 |
_a620.4523 _bKAN |
||
| 100 | _aP.Kannaih | ||
| 245 | 0 | _aWorkshop Manual | |
| 250 | _a1ST | ||
| 260 |
_aCHENNAI _bScitech _c2004 |
||
| 300 | _aI;12.4 | ||
| 500 | _aQuantity Number: 2 | ||
| 650 | _aWorkshop | ||
| 700 | _a K.L.Narayana | ||
| 942 | _cBK | ||
| 999 |
_c33748 _d33748 |
||